000 00418cam a2200181 4500
001 D9630
008 090401t1984 xxu||||| |||| 00| 0 eng d
035 _a(Sirsi) u21258
041 _aeng
050 _a658.404
100 _aWalker, Anthony
245 _aProject management in construction
260 _aLondon
_bGranada
_c1984
300 _ax. 206p. 24cm
350 _a17.5
942 _n0
948 _c04/03/1997
999 _c87946
_d87946